2025 News Stories - Name the Country - Statistics

General Stats
  • This quiz has been taken 20,465 times
  • The average score is 10 of 16
Answer Stats
Clue Country % Correct
Crown jewels are stolen in a brazen daylight heist in ______ France
93%
The new pope, Leo XIV, is the first to be born in the ______ ______ United States
93%
The United States bombs the nuclear facilities of ____ Iran
86%
With most opposition banned, Alexander Lukashenko is re-elected as President of ______, a position he has held since 1994 Belarus
79%
The world's highest bridge opens in _____, crossing a canyon 625 meters deep China
72%
Jair Bolsonaro, former President of ______, is sentenced to 27 years in prison Brazil
70%
_______ uses drones to attack oil infrastructure in the Black and Caspian Seas Ukraine
68%
The United States seizes oil tankers departing from ________ Venezuela
66%
Mosquitoes are discovered living in _____, formerly the world's only mosquito-free country Iceland
65%
The murder rate of __ ______ falls to just 1.19 – the lowest in the Americas El Salvador
61%
____ announces plans to build a bridge across the Strait of Messina Italy
47%
The mayor of Uruapan, ______ is assassinated, leading to protests against the government's inadequate response to organized crime Mexico
43%
The government of ____ tries to ban YouTube, leading to deadly "Gen-Z protests" and the resignation of the Prime Minister Nepal
40%
_____ elects its first female Prime Minister, a staunch opponent of immigration Japan
34%
The United Kingdom agrees to transfer ownership of the Chagos Islands to _________ Mauritius
27%
Hayli Gubbi, a volcano in ________, erupts after thousands of years of dormancy Ethiopia
16%
No matching quizzes found
Score Distribution
Percent of People with Each Score
Percentile by Number Answered
Your Score History
You have not taken this quiz